[Event "IECG CP.2000.Q.00017"]
[Site "IECG email"]
[Date "2001.10.01"]
[Round "?"]
[White "Koch, Christian"]
[Black "Olds, George R"]
[Result "1-0"]
[WhiteElo "2188"]
[BlackElo "1299"]
[PlyCount "55"]
[EventDate "2001.10.01"]
[EventType "tourn (corr)"]
[EventRounds "6"]
[SourceTitle "Corr 2008"]
[Source "ChessBase"]
[SourceDate "2008.06.24"]
[SourceVersion "1"]
[SourceVersionDate "2008.06.24"]
[SourceQuality "1"]

1. e4 c5 2. Nf3 e6 3. d4 cxd4 4. Nxd4 Nf6 5. Nc3 Bb4 6. e5 Nd5 7. Bd2 Nxc3 8. bxc3 Ba5 9. Bd3 0-0 10. 0-0 Nc6 11. Nxc6 dxc6 12. Qg4 g6 13. Bg5 Qd5 14. Bf6 Bd8 15. Qf4 Bxf6 16. exf6 Qd8 17. Rad1 Bd7 18. Be4 e5 19. Qh6 Qxf6 20. Rxd7 Rab8 21. Rfd1 Rfd8 22. Qd2 Rf8 23. g3 Qe6 24. Qg5 Qc4 25. Qxe5 Rbe8 26. Re7 Rxe7 27. Qxe7 Qe6 28. Qxe6 1-0

[Event "IECG CP.2000.Q.00017"]
[Site "IECG email"]
[Date "2001.10.01"]
[Round "?"]
[White "Olds, George R"]
[Black "Fabiani, Juan AG"]
[Result "1/2-1/2"]
[WhiteElo "1299"]
[BlackElo "2329"]
[PlyCount "85"]
[EventDate "2001.10.01"]
[EventType "tourn (corr)"]
[EventRounds "6"]
[SourceTitle "Corr 2008"]
[Source "ChessBase"]
[SourceDate "2008.06.24"]
[SourceVersion "1"]
[SourceVersionDate "2008.06.24"]
[SourceQuality "1"]

1. e4 e5 2. Nf3 Nc6 3. Bb5 a6 4. Ba4 Nf6 5. 0-0 b5 6. Bb3 Bd6 7. a4 Bb7 8. d3 0-0 9. Re1 Na5 10. Ba2 b4 11. Nbd2 Re8 12. d4 h6 13. dxe5 Bxe5 14. Nxe5 Rxe5 15. f4 Re8 16. e5 Nh7 17. Nf3 d6 18. Qd3 Nf8 19. Bd2 Bxf3 20. Qxf3 dxe5 21. fxe5 Ne6 22. Bxe6 fxe6 23. Rad1 Qd4+ 24. Kh1 Qc4 25. Bxh6 Rf8 26. Qg3 Rf7 27. Qg6 Raf8 28. Be3 Qc6 29. Rd4 Nc4 30. Rh4 Rf5 31. Bd4 Nb6 32. Qh7+ Kf7 33. Rg4 Rg8 34. c3 bxc3 35. Bxc3 Nd5 36. Bd2 Qc5 37. Bh6 Qf2 38. Rg1 Qe2 39. Qg6+ Ke7 40. Bxg7 Rxe5 41. Rg3 Rf5 42. Qh7 Re8 43. Be5+ 1/2-1/2

[Event "IECG CP.2000.P.00003"]
[Site "IECG email"]
[Date "2000.10.01"]
[Round "?"]
[White "Olds, George R"]
[Black "Vonk, Marcel"]
[Result "1-0"]
[WhiteElo "1229"]
[BlackElo "800"]
[PlyCount "78"]
[EventDate "2000.10.01"]
[EventType "tourn (corr)"]
[EventRounds "6"]
[EventCountry "NED"]
[SourceTitle "Corr 2008"]
[Source "ChessBase"]
[SourceDate "2008.06.24"]
[SourceVersion "1"]
[SourceVersionDate "2008.06.24"]
[SourceQuality "1"]

1. e4 d6 2. d4 Nf6 3. Nc3 g6 4. Be3 c6 5. Qd2 b5 6. f3 Nbd7 7. d5 b4 8. dxc6 bxc3 9. cxd7+ Bxd7 10. Qxc3 Bg7 11. Bd4 0-0 12. Rd1 Rc8 13. Qd2 Qc7 14. Ba6 Rb8 15. c3 Qa5 16. Bc4 Rfc8 17. b3 Qa3 18. Ne2 Rxc4 19. bxc4 Rb2 20. Qc1 Qxa2 21. Rd2 Rxd2 22. Qxd2 Qxc4 23. Bxa7 Bb5 24. Kf2 d5 25. exd5 Bh6 26. Be3 Bxe3+ 27. Qxe3 Nxd5 28. Qe4 Qa2 29. Rc1 Bc4 30. Rc2 Qa7+ 31. Qd4 Qc7 32. f4 e6 33. g3 h6 34. Rc1 Qc6 35. Rb1 Qc7 36. Ng1 Ba6 37. c4 Ne7 38. c5 Nc6 39. Qa1 Bb7 1-0

[Event "IECC Swiss email"]
[Site "IECC email"]
[Date "2000.08.29"]
[Round "?"]
[White "Olds, George R"]
[Black "Rasalingam, Haran Tobias"]
[Result "1-0"]
[WhiteElo "1670"]
[BlackElo "1921"]
[PlyCount "81"]
[EventDate "2000.??.??"]
[EventType "tourn (corr)"]
[EventRounds "6"]
[SourceTitle "Corr 2008"]
[Source "ChessBase"]
[SourceDate "2008.06.24"]
[SourceVersion "1"]
[SourceVersionDate "2008.06.24"]
[SourceQuality "1"]

1. e4 c5 2. Nf3 Nc6 3. d4 cxd4 4. Nxd4 e5 5. Nb5 d6 6. c4 Be7 7. N1c3 a6 8. Na3 Be6 9. Bd3 Bg5 10. 0-0 Bxc1 11. Rxc1 Nf6 12. Nc2 0-0 13. Nd5 Nd7 14. Qh5 Nc5 15. Rcd1 Rc8 16. b3 b5 17. cxb5 axb5 18. Qe2 f5 19. Bxb5 Nxe4 20. Ba6 Rb8 21. Bc4 Kh8 22. Qe1 Na5 23. Be2 Bxd5 24. Rxd5 Nc6 25. Bc4 Ne7 26. Rd1 d5 27. Ne3 Nf6 28. Nxd5 Nexd5 29. Bxd5 Qe7 30. Bc4 Rfc8 31. Qe3 Ng4 32. Qc1 Qh4 33. h3 Nf6 34. a4 Ne4 35. a5 f4 36. f3 Nc5 37. Qa3 Qg3 38. Rd5 Ne6 39. Rxe5 Ng5 40. Kh1 Nxh3 41. Qa2 1-0

[Event "IECG WC.2003.P.00004 email"]
[Site "IECG email"]
[Date "2000.??.??"]
[Round "?"]
[White "Jacobs, Bernd"]
[Black "Olds, George R"]
[Result "1-0"]
[WhiteElo "1759"]
[BlackElo "1116"]
[PlyCount "97"]
[EventDate "2000.01.26"]
[EventType "tourn (corr)"]
[EventRounds "10"]
[SourceTitle "Corr 2008"]
[Source "ChessBase"]
[SourceDate "2008.06.24"]
[SourceVersion "1"]
[SourceVersionDate "2008.06.24"]
[SourceQuality "1"]

1. d4 Nf6 2. c4 e6 3. Nf3 b6 4. g3 Ba6 5. b3 Bb4+ 6. Bd2 Be7 7. Bg2 c6 8. 0-0 d5 9. Ne5 Nfd7 10. Nxd7 Qxd7 11. cxd5 cxd5 12. Re1 Nc6 13. e3 0-0 14. a3 Bd3 15. Bc3 Bf5 16. Bb2 Bd6 17. Nc3 Rac8 18. Rc1 Qe7 19. b4 Bb8 20. Qe2 Qd8 21. b5 Na5 22. e4 dxe4 23. Nxe4 Qd7 24. Nd2 Rfd8 25. Nf1 Rxc1 26. Rxc1 Nb3 27. Rd1 Bd6 28. Ne3 Bg6 29. Bc6 Qe7 30. Nc4 Na5 31. Nxa5 bxa5 32. Qf3 Rb8 33. Rc1 Rd8 34. Qc3 Qc7 35. d5 e5 36. Qe1 a4 37. Rc4 f6 38. Rxa4 Qe7 39. Bc1 Bc5 40. Be3 Bb6 41. Ra6 Qc7 42. a4 Bf7 43. Bxb6 axb6 44. Qd2 Qd6 45. Rxb6 Qa3 46. d6 Kh8 47. d7 Qa1+ 48. Kg2 Bc4 49. h4 1-0

[Event "IECG WC.2003.P.00004 email"]
[Site "IECG email"]
[Date "2000.??.??"]
[Round "?"]
[White "Knudsen, Niels M"]
[Black "Olds, George R"]
[Result "1/2-1/2"]
[WhiteElo "2079"]
[BlackElo "1116"]
[PlyCount "135"]
[EventDate "2000.01.26"]
[EventType "tourn (corr)"]
[EventRounds "10"]
[SourceTitle "Corr 2008"]
[Source "ChessBase"]
[SourceDate "2008.06.24"]
[SourceVersion "1"]
[SourceVersionDate "2008.06.24"]
[SourceQuality "1"]

1. e4 c5 2. Nf3 d6 3. d4 cxd4 4. Nxd4 Nf6 5. Nc3 a6 6. Bg5 e6 7. f4 Qb6 8. Qd2 Qxb2 9. Rb1 Qa3 10. Bxf6 gxf6 11. Be2 Rg8 12. 0-0 b5 13. Rf3 Qa5 14. f5 b4 15. fxe6 fxe6 16. Nd1 Qe5 17. Qxb4 d5 18. Qc3 Nd7 19. Qc6 Qxd4+ 20. Rf2 Bc5 21. Qxa8 Ke7 22. exd5 Qd2 23. Kf1 Nb6 24. d6+ Qxd6 25. Qf3 Nd5 26. Qh5 Bxf2 27. Qxh7+ Kf8 28. Qh6+ Rg7 29. Nxf2 Kg8 30. Bf3 Qc7 31. Bxd5 exd5 32. Qxf6 Qxc2 33. Re1 Bd7 34. Qxa6 Rf7 35. Qb6 Qxa2 36. Qg6+ Rg7 37. Qd3 Bc6 38. Rc1 Bb7 39. Qd4 Qa6+ 40. Kg1 Qg6 41. g3 Qe6 42. Rb1 Rc7 43. Rb6 Qe1+ 44. Kg2 Qe8 45. Rh6 Rh7 46. Rd6 Qe7 47. Rf6 Rf7 48. Rg6+ Rg7 49. Rxg7+ Qxg7 50. Qxg7+ Kxg7 51. Kf3 Kg6 52. Ke3 Kf5 53. Nd3 Kg4 54. Nf4 Ba6 55. Kd4 Bb7 56. Kc3 Ba6 57. Kd2 d4 58. Ke1 Kf3 59. Kd1 Bc4 60. Kd2 Kf2 61. Nd3+ Kg2 62. g4 Kxh2 63. g5 Kg3 64. g6 Kh4 65. g7 Kg5 66. Ne5 Kf6 67. Nf3 Bg8 68. Nxd4 1/2-1/2

[Event "IECG WC.2003.P.00004 email"]
[Site "IECG email"]
[Date "2000.??.??"]
[Round "?"]
[White "Olds, George R"]
[Black "Dziedzina, Michael"]
[Result "1/2-1/2"]
[WhiteElo "1116"]
[BlackElo "2013"]
[PlyCount "65"]
[EventDate "2000.01.26"]
[EventType "tourn (corr)"]
[EventRounds "10"]
[SourceTitle "Corr 2008"]
[Source "ChessBase"]
[SourceDate "2008.06.24"]
[SourceVersion "1"]
[SourceVersionDate "2008.06.24"]
[SourceQuality "1"]

1. e4 c5 2. Nf3 d6 3. d4 cxd4 4. Nxd4 e6 5. Nc3 Nf6 6. g4 h6 7. h4 Nc6 8. Rg1 h5 9. gxh5 Nxh5 10. Bg5 Nf6 11. Qd2 Qb6 12. 0-0-0 a6 13. Nxc6 bxc6 14. Na4 Qc7 15. Bxf6 gxf6 16. Qc3 Rxh4 17. Qxf6 Rxe4 18. Nc3 Re5 19. Qh8 Bb7 20. f4 Rf5 21. Ne4 0-0-0 22. Rg8 Be7 23. Rxd6 Rd5 24. Rdxd8+ Rxd8 25. Rxd8+ Bxd8 26. Qh6 Qb6 27. Bd3 Qe3+ 28. Kd1 Kc7 29. Qh2 f5 30. Qh7+ Kb8 31. Qh8 fxe4 32. Qxd8+ Ka7 33. Bc4 1/2-1/2

[Event "IECC CL5-2000.04"]
[Site "IECC email"]
[Date "1999.12.02"]
[Round "?"]
[White "Gaiter, Warren D"]
[Black "Olds, George R"]
[Result "0-1"]
[WhiteElo "1572"]
[BlackElo "1510"]
[PlyCount "64"]
[EventDate "2000.??.??"]
[EventType "tourn (corr)"]
[EventRounds "4"]
[SourceTitle "Corr 2008"]
[Source "ChessBase"]
[SourceDate "2008.06.24"]
[SourceVersion "1"]
[SourceVersionDate "2008.06.24"]
[SourceQuality "1"]

1. d4 d5 2. c4 e6 3. Nc3 Nf6 4. cxd5 exd5 5. Bf4 Be7 6. e3 0-0 7. Bd3 c6 8. Nf3 Nbd7 9. 0-0 Nh5 10. Qc2 Nxf4 11. Bxh7+ Kh8 12. exf4 g6 13. Bxg6 fxg6 14. Qxg6 Rf6 15. Qh5+ Kg7 16. f5 Rh6 17. Qg4+ Kh7 18. Rae1 Nf6 19. Qf4 Bd6 20. Qg5 Qc7 21. Ne5 Bd7 22. f4 Rg8 23. Ng6 Qd8 24. Rf3 Rh5 25. Rh3 Rxh3 26. gxh3 Bxf5 27. Qxf5 Rxg6+ 28. Kf1 Qb6 29. Re6 Kg7 30. Rxd6 Qxb2 31. Ne2 Qa1+ 32. Kf2 Ne4+ 0-1

[Event "IECC CL5-2000.04"]
[Site "IECC email"]
[Date "1999.12.02"]
[Round "?"]
[White "Olds, George R"]
[Black "Tan, Aaron"]
[Result "1-0"]
[WhiteElo "1556"]
[BlackElo "1519"]
[PlyCount "91"]
[EventDate "2000.??.??"]
[EventType "tourn (corr)"]
[EventRounds "4"]
[SourceTitle "Corr 2008"]
[Source "ChessBase"]
[SourceDate "2008.06.24"]
[SourceVersion "1"]
[SourceVersionDate "2008.06.24"]
[SourceQuality "1"]

1. e4 g6 2. d4 Bg7 3. Nc3 d6 4. Be3 Nf6 5. Qd2 Ng4 6. Bf4 h6 7. h3 e5 8. hxg4 exf4 9. f3 g5 10. 0-0-0 a6 11. Nge2 Nc6 12. g3 fxg3 13. Qe3 0-0 14. Nxg3 Ne7 15. Nf5 Nxf5 16. gxf5 Re8 17. Qg1 b5 18. Rh5 Bb7 19. f4 f6 20. fxg5 fxg5 21. a3 Qe7 22. Bg2 Rac8 23. Rf1 Rf8 24. e5 Bxg2 25. Qxg2 dxe5 26. Nd5 Qf7 27. Rfh1 e4 28. Ne3 Rcd8 29. Ng4 Qxf5 30. Nxh6+ Bxh6 31. Rxh6 Kg7 32. R6h5 Rd5 33. Kb1 Rfd8 34. Qh2 Rxd4 35. Rh7+ Kg8 36. Rh8+ Kf7 37. Qh5+ Ke7 38. Rh7+ Kd6 39. Rf7 Qe6 40. Qh2+ Qe5 41. Qh6+ Kc5 42. b4+ Rxb4+ 43. axb4+ Kxb4 44. Qxa6 e3 45. Rc1 Rd2 46. Qa2 1-0

[Event "IECC CL5-2000.04"]
[Site "IECC email"]
[Date "1999.12.02"]
[Round "?"]
[White "Popp, Tony"]
[Black "Olds, George R"]
[Result "0-1"]
[WhiteElo "1418"]
[BlackElo "1467"]
[PlyCount "54"]
[EventDate "2000.??.??"]
[EventType "tourn (corr)"]
[EventRounds "4"]
[SourceTitle "Corr 2008"]
[Source "ChessBase"]
[SourceDate "2008.06.24"]
[SourceVersion "1"]
[SourceVersionDate "2008.06.24"]
[SourceQuality "1"]

1. d4 Nf6 2. Bf4 d5 3. Nf3 Bf5 4. e3 e6 5. Bd3 Bg4 6. 0-0 c5 7. c3 Qb6 8. b3 Nc6 9. Nbd2 Be7 10. Qc2 Nh5 11. Bg3 Nxg3 12. fxg3 cxd4 13. Nxd4 e5 14. Bf5 exd4 15. exd4 Bxf5 16. Qxf5 0-0 17. Qxd5 Rad8 18. Qe4 Nxd4 19. Nc4 Ne2+ 20. Kh1 Nxg3+ 21. hxg3 Qh6+ 22. Kg1 Bc5+ 23. Rf2 Bxf2+ 24. Kxf2 b5 25. Na3 Qb6+ 26. Kf1 Rd6 27. c4 b4 0-1

[Event "IECG CP.1999.P.00006"]
[Site "IECG email"]
[Date "1999.10.01"]
[Round "?"]
[White "Callow, Christopher"]
[Black "Olds, George R"]
[Result "0-1"]
[WhiteElo "2012"]
[BlackElo "800"]
[PlyCount "48"]
[EventDate "1999.10.01"]
[EventType "tourn (corr)"]
[EventRounds "6"]
[EventCountry "GER"]
[SourceTitle "Corr 2008"]
[Source "ChessBase"]
[SourceDate "2008.06.24"]
[SourceVersion "1"]
[SourceVersionDate "2008.06.24"]
[SourceQuality "1"]

1. e4 c5 2. Nf3 d6 3. d4 cxd4 4. Nxd4 Nf6 5. Nc3 a6 6. Bg5 e6 7. f4 Be7 8. Qf3 Qc7 9. 0-0-0 Nbd7 10. g4 b5 11. Bxf6 Nxf6 12. g5 Nd7 13. f5 Ne5 14. Qg3 b4 15. fxe6 bxc3 16. exf7+ Nxf7 17. h4 cxb2+ 18. Kxb2 Rb8+ 19. Ka1 0-0 20. Be2 Bb7 21. Rh3 Bxe4 22. Qc3 Qxc3+ 23. Rxc3 Ne5 24. Bxa6 Ra8 0-1

[Event "IECG CN.1999.0.00140"]
[Site "IECG email"]
[Date "1999.07.26"]
[Round "?"]
[White "Olds, George R"]
[Black "Tarng, Folk"]
[Result "0-1"]
[WhiteElo "800"]
[BlackElo "800"]
[PlyCount "117"]
[EventDate "1999.07.26"]
[EventType "tourn (corr)"]
[EventRounds "6"]
[SourceTitle "Corr 2008"]
[Source "ChessBase"]
[SourceDate "2008.06.24"]
[SourceVersion "1"]
[SourceVersionDate "2008.06.24"]
[SourceQuality "1"]

1. e4 e5 2. Nf3 Nc6 3. Bb5 a6 4. Ba4 Nf6 5. 0-0 Be7 6. Re1 b5 7. Bb3 d6 8. c3 Bg4 9. h3 Bxf3 10. Qxf3 0-0 11. d3 Na5 12. Bc2 c5 13. Be3 Qd7 14. Nd2 d5 15. Qg3 d4 16. Bh6 Ne8 17. Nf3 Nc6 18. a4 b4 19. Bd2 Qe6 20. cxb4 cxb4 21. Rac1 Rc8 22. a5 f6 23. Qg4 Qxg4 24. Bb3+ Kh8 25. hxg4 Rc7 26. Bd5 Nxa5 27. Nh4 g6 28. Bh6 Rg8 29. Bxg8 Kxg8 30. Rxc7 Nxc7 31. Rc1 Ne6 32. Rc8+ Kf7 33. Rh8 Bf8 34. Rxh7+ Kg8 35. Ra7 Bxh6 36. Rxa6 Nf4 37. Rxa5 Nxd3 38. Rb5 Bd2 39. Nf3 Bc1 40. b3 g5 41. Kf1 Bb2 42. Ne1 Nc1 43. Rxb4 Kf7 44. Rb7+ Ke6 45. b4 Ba3 46. b5 d3 47. Nf3 Nb3 48. Ra7 Be7 49. b6 Bd6 50. b7 Nc5 51. Nd2 Bc7 52. Ra8 Nd7 53. Ra6+ Ke7 54. Rc6 Bb8 55. Ke1 Ba7 56. Rc8 Bb8 57. Nc4 Ba7 58. Ra8 Bd4 59. Nd2 0-1

[Event "IECC CL6-1999.15"]
[Site "IECC email"]
[Date "1999.06.17"]
[Round "?"]
[White "Olds, George R"]
[Black "Kunakov, Oleg"]
[Result "1-0"]
[WhiteElo "1300"]
[BlackElo "1314"]
[PlyCount "55"]
[EventDate "1999.??.??"]
[EventType "tourn (corr)"]
[EventRounds "4"]
[SourceTitle "Corr 2008"]
[Source "ChessBase"]
[SourceDate "2008.06.24"]
[SourceVersion "1"]
[SourceVersionDate "2008.06.24"]
[SourceQuality "1"]

1. e4 e6 2. d4 d5 3. Nc3 Bb4 4. e5 c5 5. a3 Bxc3+ 6. bxc3 Ne7 7. Nf3 Qa5 8. Bd2 Nbc6 9. Be2 Bd7 10. Rb1 Qc7 11. 0-0 c4 12. Re1 0-0 13. Qc1 f6 14. exf6 Rxf6 15. Bg5 Rf7 16. Nh4 e5 17. dxe5 Nxe5 18. Bf4 N7c6 19. Qd2 Be6 20. Bh5 Re7 21. Bg5 Rd7 22. f4 h6 23. Bxh6 gxh6 24. fxe5 Kh7 25. Bg6+ Kg7 26. Qf4 Re7 27. Bf5 Nd8 28. Qg4+ 1-0